000 00701nam a2200229 a 4500
001 22092
003 BD-RjUL
005 20211209000751.0
008 140306r19601941enk 000 1 eng d
035 _a(BD-RjUL)22157
040 _aQUT
_beng
_cQUT
_dSSLP
_dBD-RjUL
041 _aeng
082 0 4 _a823.912
_bFOH 1960
100 1 _aForster, E. M.
_q(Edward Morgan),
_d1879-1970.
_968214
245 1 0 _aHoward's end /
_cby E.M. Forster.
260 _aLondon :
_bNichollas & Com. Ltd.,
_c1941 [reprinted 1960].
300 _a318 p. ;
_c18 cm.
500 _aOriginally published: 1910.
650 0 _aInheritance and succession
_vFiction.
_942368
942 _2ddc
_cBK
999 _c22092
_d22092